Examining the role of lower-skilled guest worker programs in today's economy : hearing before the Subcommittee on Workforce Protections, Committee on Education and the Workforce, U.S. House of Representatives, One Hundred Thirteenth Congress, first session, hearing held in Washington, DC, March 14, 2013.

Bibliographic Details
Corporate Author: United States. Congress. House. Committee on Education and the Workforce. Subcommittee on Workforce Protections (Author)
Format: Government Document eBook
Language:English
Published: Washington : U.S. Government Printing Office, 2013.
Subjects:
Online Access:https://purl.fdlp.gov/GPO/gpo38903
http://purl.fdlp.gov/GPO/gpo38903

MARC

Tag First Indicator Second Indicator Subfields
LEADER 00000cam a2200000 i 4500
001 in00003340713
005 20210312124604.0
006 m o d f
007 cr |||||||||||
008 130807s2013 dcu ob f000 0 eng c
035 |a (OCoLC)ocn855202053 
042 |a pcc 
043 |a n-us--- 
040 |a GPO  |b eng  |e rda  |e pn  |c GPO  |d GPO  |d MvI 
049 |a WWW 
050 1 4 |a KF27  |b .E39 2013b 
074 |a 1015-C (online) 
086 0 |a Y 4.ED 8/1:113-10 
088 |a Serial no. 113-10 (United States. Congress. House. Committee on Education and the Workforce) 
110 1 |a United States.  |b Congress.  |b House.  |b Committee on Education and the Workforce.  |b Subcommittee on Workforce Protections,  |e author. 
245 1 0 |a Examining the role of lower-skilled guest worker programs in today's economy :  |b hearing before the Subcommittee on Workforce Protections, Committee on Education and the Workforce, U.S. House of Representatives, One Hundred Thirteenth Congress, first session, hearing held in Washington, DC, March 14, 2013. 
264 1 |a Washington :  |b U.S. Government Printing Office,  |c 2013. 
300 |a 1 online resource (iii, 81 pages) 
336 |a text  |b txt  |2 rdacontent 
337 |a computer  |b c  |2 rdamedia 
338 |a online resource  |b cr  |2 rdacarrier 
500 |a Title from title screen (viewed August 7, 2013). 
500 |a Paper version available for sale by the Superintendent of Documents, United States Government Printing Office. 
504 |a Includes bibliographical references. 
500 |a "Serial no. 113-10." 
650 0 |a Foreign workers  |x Government policy  |z United States. 
650 0 |a Foreign workers  |x Economic aspects  |z United States. 
650 0 |a Unskilled labor  |x Economic aspects  |z United States. 
650 0 |a Visas  |x Economic aspects  |z United States. 
651 0 |a United States  |x Emigration and immigration  |x Government policy. 
776 0 8 |i Print version:  |a United States. Congress. House. Committee on Education and the Workforce. Subcommittee on Workforce Protections.  |t Examining the role of lower-skilled guest worker programs in today's economy  |w (OCoLC)855334246 
776 0 8 |i Microfiche version:  |a United States. Congress. House. Committee on Education and the Workforce. Subcommittee on Workforce Protections.  |t Examining the role of lower-skilled guest worker programs in today's economy  |w (OCoLC)864439995 
856 4 0 |u https://purl.fdlp.gov/GPO/gpo38903  |t 0 
856 4 0 |u http://purl.fdlp.gov/GPO/gpo38903  |t 0 
999 f f |s f9765971-23c2-36de-b598-a2e31adcc87b  |i 7d64d5bd-ccc8-3cde-bddc-675adc608368  |t 0 
952 f f |a Texas A&M University  |b College Station  |c Electronic Resources  |d Available Online  |t 0  |e Y 4.ED 8/1:113-10  |h Superintendent of Documents classification 
998 f f |a Y 4.ED 8/1:113-10  |t 0  |l Available Online